| 000 | 00431nam a2200169 4500 | ||
|---|---|---|---|
| 003 | CO-ViMGA | ||
| 020 | _a9789588773744 | ||
| 040 |
_aCO-ViMGA _bspa _cCO-ViMGA |
||
| 090 |
_aC _bP16f1 |
||
| 110 |
_aPanamericana Editorial Ltda. _91967 |
||
| 245 | 1 | 0 | _aA jugar |
| 250 | _aPara pequeñines | ||
| 260 |
_aBogotá _bEditorial Panamericana _c2012 |
||
| 300 |
_a6 p. _ePestaña redondeada |
||
| 650 | 1 | 4 |
_aLibro infantil _9449 |
| 942 | _2ddc | ||
| 999 |
_c33653 _d33653 |
||